Word Ladder: Choose Shoes Quiz Stats

 Plays Quiz Updated Jul 21, 2015

Also try: Word Ladder: Cloth
Challenge
Share
Tweet
Embed
Score 0/17 Timer 02:00
0 Plays Today
Clue 4-Letter Word % Correct
👟 [Rung 1] ____ - shoe to wear during winter 👟👠BOOT👠
98.6%
The center of an appleCORE
97.3%
Material often used to seal wine bottlesCORK
96.4%
It's usually better than the movieBOOK
95.4%
👟 How feet without shoes are 👟👠BARE👠
95%
To improve the deliciousness of food by using heatCOOK
94.9%
👟 ____ heels - footwear mainly worn by women 👟👠HIGH👠
94%
An ink stainBLOT
92.4%
Watchful attentionCARE
91.1%
Clue 4-Letter Word % Correct
'____ Little Baby' - a lullabyHUSH
90.6%
House, M.D. actor LaurieHUGH
90.2%
The corner of a diamond, in sportsBASE
88.5%
To release a stream of airBLOW
88.2%
By far not as fast as Usain BoltSLOW
86.1%
A tree without a trunkBUSH
84.5%
To hit very hardBASH
82.7%
👟 ____ [Rung 5] - shoe to wear during winter 👟👠SNOW👠
73.8%

Today's Daily Dose

You're not logged in!

Compare scores with friends on all Sporcle quizzes.
Join for Free
OR
Log In

You Might Also Like...

Show Comments

Extras

Top Quizzes Today


Score Distribution

Your Account Isn't Verified!

In order to create a playlist on Sporcle, you need to verify the email address you used during registration. Go to your Sporcle Settings to finish the process.

Report this User

Report this user for behavior that violates our Community Guidelines.

Details: